000 01170nam a2200325 i 4500
003 EG-GICUC
005 20260121101456.0
008 251213s2003 ua ||||fr|||| 00| 0 ara d
017 _a۲۰۰۳/۱۱۸۱۸
020 _a977-04-4185-6
040 _a EG-GICUC
_bara
_c EG-GICUC
_d EG-GICUC
_erda
041 0 _aara
082 0 4 _221
_a345.8
_bج ا . ن
092 0 4 _221
099 _aLaw1 07 345.8 ج ا . ن 2003
100 0 _aجابر جاد نصار
_eمؤلف.
245 1 2 _aالنظام القانوني للمدعي العام الاشتراكي /
_cدكتور جابر جاد نصار.
264 1 _aالقاهرة :
_bدار النهضة العربية،
_c2003.
300 _a116 ؛صفحة
_c24 سم.
336 _2rda content
_atext
337 _2rda media
_aComputer
338 _2rda carrier
_aOnline Resource
504 _aيشتمل على إرجاعات ببليوجرافية.
546 _aالنص باللغة العربية
650 1 4 _aالقضاء الإداري ووظائفه
650 1 4 _aالقانون الإداري
856 4 0 _uhttps://fll.law.cu.edu.eg/fulltext/bks/B07-01346.pdf
905 _a32
942 _2ddc
_cBK
_e21
_n0
999 _c50054
_d50054